| 000 | 01399cam a22003737a 4500 | ||
|---|---|---|---|
| 001 | 8570564 | ||
| 003 | OSt | ||
| 005 | 20210903120012.0 | ||
| 006 | m d | ||
| 007 | cr n | ||
| 008 | 100927s2010 gw a sb 001 0 eng d | ||
| 020 | _a9783642156113 | ||
| 035 | _a(WaSeSS)ssj0000449693 | ||
| 038 | _akhadija | ||
| 040 |
_aBTCTA _beng _cBTCTA _dYDXCP _dOHX _dTXH _dDLC _dWaSeSS |
||
| 042 | _alccopycat | ||
| 050 | 4 |
_aQA76.76.I58 _bI366 2010 |
|
| 082 |
_a006.3 _bINN |
||
| 210 | 1 | 0 | _aInnovations in agent-based complex automated negotiations |
| 245 | 0 | 0 |
_aInnovations in agent-based complex automated negotiations / _cTakayuki Ito ... [et al.] |
| 260 |
_aBerlin : _bSpringer Verlag, _c2010. |
||
| 490 | 1 |
_aStudies in computational intelligence ; _vv. 319 |
|
| 504 | _aIncludes bibliographical references and index. | ||
| 506 | _aLicense restrictions may limit access. | ||
| 563 | _ahardcover | ||
| 650 | 0 |
_aIntelligent agents (computer software) _918523 |
|
| 650 | 0 |
_aMultiagent systems. _918134 |
|
| 700 | 1 |
_aIto, Takayuki, _d1972- _982119 |
|
| 773 | 0 | _tSpringerLink ebooks - Engineering (2011) | |
| 830 | 0 |
_aStudies in computational intelligence ; _vv. 319. _981268 |
|
| 856 | 4 | 0 |
_uhttp://www.columbia.edu/cgi-bin/cul/resolve?clio8570564 _zFull text available from SpringerLink ebooks - Engineering (2011) |
| 910 | _aLibrary of Congress record | ||
| 942 |
_2ddc _cBK |
||
| 999 |
_c32954 _d32954 |
||